00342nam a2200133Ia 4500003000400000005001700004008004100021040001800062041000800080100005000088110001800138245003200156260002000188OSt20230530123824.0211028s2014 xx 000 0 und d cAIMIT LIBRARY aeng aRego, Desmond Joseph; Nausheeda, B S.e121909 aNausheeda B S aBusiness publishing portal. aMangalorec2014